banner-ar

دولة الفرنجة وعلاقتها بالامويين فى الاندلس حتى اواخر القرن العاشر الميلادى 755م - 976م = 128هـ - 366هـ / (Record no. 27623)

MARC details
000 -الفاتح
حقل البيانات ثابتة الطول 00838nam a2200205Ia 4500
005 - وقت وتاريخ اخر تعامل مع التسجيلة
رقم الضبط 20240530101754.0
008 - عناصر البيانات ثابتة الطول - معلومات عامة
حقل البيانات ثابتة الطول 140319s9999 xx 000 0 ara d
040 ## - مصدر الفهرسة
وكالة الفهرسة الأصلية GCL /
وكالة النسخ GCL
082 04 - رقم تصنيف ديوى العشرى
رقم التصنيف 944.01
رقم المادة م د
100 1# - المدخل الرئيسى - إسم شخصى
الإسم الشخصى محمد محمد مرسى الشيخ
245 10 - بيان العنوان
العنوان دولة الفرنجة وعلاقتها بالامويين فى الاندلس حتى اواخر القرن العاشر الميلادى 755م - 976م = 128هـ - 366هـ /
بيان المسئوليه,etc محمد محمد مرسى الشيخ
300 ## - الوصف المادى
التعداد 333 ص؛
تفاصيل ماديه اخرى للوعاء 24 سم.
500 ## - تبصرة عامة
تبصرة عامة (هدية من الاديب عبدالفتاح الجمل)
650 04 - المدخل الاضافى بالموضوع-مصطلح موضوعى
مصطلح موضوعي الاندلس
650 04 - المدخل الاضافى بالموضوع-مصطلح موضوعى
مصطلح موضوعي العرب فى اسبانيا
650 04 - المدخل الاضافى بالموضوع-مصطلح موضوعى
مصطلح موضوعي الدولة الاموية (661م - 750م)
942 ## - عناصر المدخل الإضافي( كوها)
مصدر التصنيف او مخطط الترفيف Dewey Decimal Classification
Koha [default] item type كتاب
260 ## - PUBLICATION, DISTRIBUTION, ETC. (IMPRINT)
-- [S.N] :
-- مؤسسة الثقافة الجامعية
Holdings
حالة التراجع حالة الفقد حالة تلف ليس للاعارة المكان المؤقت الموقع الحالى تاريخ الاكتساب اجمالي اﻻعارات رقم الطلب الباركود تاريخ اخر مشاهدة تاريخ تفعيل السعر نوع وعاء كوها
        مكتبة القاهرة الكبرى مكتبة القاهرة الكبرى 03/26/2014   944.01\م د 62830 03/26/2014 03/26/2014 كتاب
        مكتبة القاهرة الكبرى مكتبة القاهرة الكبرى 03/26/2014   944.01\م د 62831 03/26/2014 03/26/2014 كتاب

Powered By

EGPV